The guidebook for performance improvememt : working with individuals and organizations (Record no. 35823)

MARC details
000 -LEADER
fixed length control field 00594nam a2200181Ia 4500
020 ## - INTERNATIONAL STANDARD BOOK NUMBER
ISBN 9780787903534
050 ## - CALL MARK
Classification number HD 58.9 .K38/
100 ## - STATEMENT OF RESPONSIBILITY--MAIN AUTHOR NAME
Personal name Edited by Kaufman, Roger, Sivailam, Thiagarajan and Paula, MacGillis
245 #4 - TITLE STATEMENT
Title The guidebook for performance improvememt : working with individuals and organizations
260 ## - PUBLICATION, DISTRIBUTION, ETC. (IMPRINT)
Place of publication United State
260 ## - PUBLICATION, DISTRIBUTION, ETC. (IMPRINT)
Name of publisher San Francisco
260 ## - PUBLICATION, DISTRIBUTION, ETC. (IMPRINT)
Year of publication 1997
300 ## - PHYSICAL DESCRIPTION
Number of Pages 650 p
650 ## - SUBJECT ADDED ENTRY--TOPICAL TERM
Topical Term Organizational effectiveness--Measurement. Performance--Measurement.
942 ## - ADDED ENTRY ELEMENTS (KOHA)
Koha item type Books
Holdings
Withdrawn status Lost status Source of classification or shelving scheme Damaged status Not for loan Permanent Location Current Location Date acquired Accession Number Price effective from Koha item type
    Library of Congress Classification     NILE UNIVERSITY OF NIGERIA - MAIN LIBRARY NILE UNIVERSITY OF NIGERIA - MAIN LIBRARY 04/23/2025 0194489 04/23/2025 Books